• 首页
  • 本馆介绍
  • 公告通知
  • 最新文献
  • 馆藏检索
  • 电子资源
  • 读者导购
  • 参考咨询
  • 我的图书馆
  • 登录
  • 详细信息显示
  • 放入我的书架
  • 预约/预借图书
  • 作者相关作品
  • 分类相关作品
  • 丛书相关作品
  • 出版社相关作品

书目信息

  • 表格格式
  • 工作单格式
  • 卡片格式
题名:
体育舞蹈运动教程
    
 
作者: 李小芬 主编
分册:  
出版信息: 北京   北京体育大学出版社  2022.08
页数: 349页
开本: 26cm
丛书名: 高等教育体育学精品教材
单 册:
中图分类: J722.8-43 , J732.8-43
科图分类:
主题词: 体育舞蹈--Ti Yu Wu Dao--高等教育--教材
电子资源:
ISBN: 978-7-5644-2114-4
000 01532nam 2200325 450
001 012001001280
005 20141202133343.0
010    @a978-7-5644-2114-4@dCNY80.00
099    @aCAL 012016085137
100    @a20220905d2016 em y0chiy50 ea
101 0  @achi
102    @aCN@b110000
105    @aak a 000yy
106    @ar
200 1  @a体育舞蹈运动教程@ATi Yu Wu Dao Yun Dong Jiao Cheng@d= Dance sport@f《体育舞蹈运动教程》编写组编@zeng
210    @a北京@c北京体育大学出版社@d2022.08
215    @a349页@c彩图@d26cm
225 2  @a高等教育体育学精品教材@AGao Deng Jiao Yu Ti Yu Xue Jing Pin Jiao Cai
314    @a本书主编: 李小芬
320    @a有书目
330    @a本书精选体育舞蹈最前沿的理论知识,从其历史发展,专业术语,技术体系,科学知识,编创,竞赛组织以及体能训练,为学习者构建了一个完整的框架。在专业术语,主要针对通用技术原理进行两个舞系的梳理;在技术体系方面,采用纵横结合的教学方法,重点对技术内容的进行整理,并结合能力培养,形成纵横结合的教学路线;增加了体育舞蹈运动的运动解剖生理以及力学等方面的科学知识,适合体育舞蹈专项学生应用科学的知识和严谨的态度来学习技能;同时,对体育舞蹈的创编进行了教学,队列舞,表演秀的分类,对我国体育舞蹈的从业者提供重要的指导作用。
333    @a本书适用于体育舞蹈相关从业者
410  0 @12001 @a高等教育体育学精品教材
510 1  @aDance sport@zeng
606 0  @a体育舞蹈@ATi Yu Wu Dao@x高等教育@j教材
690    @aJ722.8-43@v5
690    @aJ732.8-43@v5
701  0 @a李小芬@ALi Xiao Fen@4主编
801  0 @aCN@bAHXH@c20221111
905    @b1370845-8@dJ722.8-43@e332@f4
    
    体育舞蹈运动教程= Dance sport/《体育舞蹈运动教程》编写组编.-北京:北京体育大学出版社,2022.08
    349页:彩图;26cm.-(高等教育体育学精品教材)
    使用对象:本书适用于体育舞蹈相关从业者
    
    ISBN 978-7-5644-2114-4:CNY80.00
    本书精选体育舞蹈最前沿的理论知识,从其历史发展,专业术语,技术体系,科学知识,编创,竞赛组织以及体能训练,为学习者构建了一个完整的框架。在专业术语,主要针对通用技术原理进行两个舞系的梳理;在技术体系方面,采用纵横结合的教学方法,重点对技术内容的进行整理,并结合能力培养,形成纵横结合的教学路线;增加了体育舞蹈运动的运动解剖生理以及力学等方面的科学知识,适合体育舞蹈专项学生应用科学的知识和严谨的态度来学习技能;同时,对体育舞蹈的创编进行了教学,队列舞,表演秀的分类,对我国体育舞蹈的从业者提供重要的指导作用。
●
相关链接 在E读中查询图书 在五车中查询图书 在当当中查询图书 在豆瓣中查询图书


正题名:体育舞蹈运动教程     索取号:J722.8-43/332         预约/预借

序号 登录号 条形码 馆藏地/架位号 状态 备注
1 1370845   213708451   第一样本阅览室/ [索取号:J722.8-43/332] 在馆    
2 1370846   213708460   教育系资料室/ [索取号:J722.8-43/332] 在馆    
3 1370847   213708479   教育系资料室/ [索取号:J722.8-43/332] 在馆    
4 1370848   213708488   第一借阅区/ [索取号:J722.8-43/332] 在馆    
唐山师范学院图书馆 欢迎您!
大连网信软件有限公司© 版权所有